| 000 | 00000nam##2200000za#4500 |
| 001 | 9.578797 |
| 003 | CaOODSP |
| 005 | 20210624190245 |
| 007 | cr ||||||||||| |
| 008 | 150406|2005||||xxc|||||o f|0| 0 eng|d |
| 040 | |aCaOODSP|beng |
| 043 | |an-cn--- |
| 086 | 1 |aFs3-6/2005-03E-PDF |
| 110 | 1 |aCanada. |bDepartment of Fisheries and Oceans. |
| 245 | 10|aGeorges Bank yellowtail flounder [5Zhjmn; 522,525,551,552,561,562] |h[electronic resource] |
| 260 | |aOttawa - Ontario : |bFisheries and Oceans Canada |cSeptember 2005. |
| 300 | |a6p.|bgraphs, map, references, table |
| 490 | 1 |aTransboundary Resource Assessment Committee status report |v2005/03 (revised) |
| 590 | |a14-12-Supp|b2014-05-30 |
| 775 | 08|tLimande à queue jaune du banc Georges [5Zhjmn; 522,525,551,552,561,562] |w(CaOODSP)9.606575 |
| 830 | #0|aTransboundary Resource Assessment Committee status report ;|v2005/03 (revised)|w(CaOODSP)9.507743 |
| 856 | 40|ahttp://publications.gc.ca|qPDF|s101 KB|uhttps://publications.gc.ca/collections/collection_2014/mpo-dfo/Fs3-6-2005-03-eng.pdf|y2005/03 (revised) |